[Event "KP 2024/25,J. Jaromer-J. Horice"]
[Site "?"]
[Date "2025.01.19"]
[Round "6.4"]
[White "Matonoha, Ctirad"]
[Black "Zeman, Vojtech"]
[Result "1/2-1/2"]
[WhiteElo "1978"]
[BlackElo "1729"]
[PlyCount "116"]
[EventDate "2025.??.??"]
[SourceVersionDate "2025.01.19"]

1. e4 c5 2. Nc3 Nc6 3. g3 g6 4. Bg2 Bg7 5. d3 Nf6 6. Be3 d6 7. Qd2 Rb8 8. Nf3
Ng4 9. O-O Nxe3 10. fxe3 O-O 11. Rf2 b5 12. Raf1 b4 13. Nd1 h6 14. c3 a5 15.
Kh1 Ba6 16. c4 Ne5 17. Ng1 h5 18. Nh3 Qd7 19. Nf4 e6 20. Ne2 Qa4 21. Nc1 Qd7
22. Ne2 Ng4 23. Rf3 Bb7 24. h3 Ne5 25. R3f2 Rbd8 26. Qc2 Nc6 27. Nf4 Ne7 28.
Rd2 e5 29. Nd5 Nxd5 30. exd5 Ra8 31. Rdf2 Bc8 32. Rf3 Qb7 33. Qf2 a4 34. Qe2
Ra7 35. Nf2 f5 36. Nd1 Qe7 37. R3f2 Qg5 38. Kh2 Raf7 39. Qd2 Bd7 40. Rf3 Bh6
41. Nf2 Qe7 42. Kh1 e4 43. dxe4 fxe4 44. Rxf7 Rxf7 45. Qe2 Bf5 46. Kg1 Qg5 47.
g4 hxg4 48. hxg4 Bc8 49. Nxe4 Qxe3+ 50. Qxe3 Bxe3+ 51. Kh2 Rxf1 52. Bxf1 Bf4+
53. Kg2 Kf7 54. Kf3 Be5 55. b3 Bd7 56. Bd3 a3 57. Bc2 Kg7 58. Ng5 Kf6 1/2-1/2

[Event "KP 2024/25,J. Jaromer-J. Horice"]
[Site "?"]
[Date "2025.01.19"]
[Round "6.5"]
[White "Stankova, Radka"]
[Black "Sedivy, Ales"]
[Result "1/2-1/2"]
[WhiteElo "1926"]
[BlackElo "1942"]
[PlyCount "103"]
[EventDate "2025.??.??"]
[SourceVersionDate "2025.01.19"]

1. e4 e6 2. d4 d5 3. e5 c5 4. c3 Bd7 5. Nd2 Qb6 6. Ndf3 Bb5 7. Bxb5+ Qxb5 8.
Ne2 Nc6 9. O-O Nge7 10. dxc5 Qxc5 11. Be3 Qa5 12. Ned4 a6 13. Re1 Ng6 14. Nxc6
bxc6 15. b4 Qc7 16. Qa4 Be7 17. Nd4 O-O 18. Nxc6 Nxe5 19. Nxe7+ Qxe7 20. Bc5
Qg5 21. Re3 Rfd8 22. Bd4 Ng6 23. Rg3 Qf5 24. Re1 e5 25. Bb6 Rdc8 26. Rf3 Qe6
27. Bc5 f5 28. Qb3 e4 29. Bd4 f4 30. h4 Qf5 31. Rh3 h5 32. Kh2 Rc4 33. Qc2 Rac8
34. Qa4 R8c6 35. Qd1 Ne5 36. Bxe5 Qxe5 37. Kg1 Rxc3 38. Rxc3 Rxc3 39. Qd2 e3
40. fxe3 fxe3 41. Qe2 Qg3 42. Rd1 Qxh4 43. Qxa6 Qf2+ 44. Kh2 Rc2 45. Qa8+ Kh7
46. Qxd5 g6 47. Qg5 Rc7 48. Rd6 Rg7 49. Qg3 Qxg3+ 50. Kxg3 Ra7 51. Re6 Rxa2 52.
Rxe3 1/2-1/2

[Event "KP 2024/25,J. Jaromer-J. Horice"]
[Site "?"]
[Date "2025.01.19"]
[Round "6.6"]
[White "Kohout, Jan"]
[Black "Jecha, Vratislav"]
[Result "1/2-1/2"]
[WhiteElo "1927"]
[BlackElo "2002"]
[PlyCount "31"]
[EventDate "2025.??.??"]
[SourceVersionDate "2025.01.19"]

1. d4 d5 2. Nf3 Nf6 3. g3 e6 4. Bg2 Be7 5. O-O O-O 6. Nbd2 Nbd7 7. c4 c6 8. b3
b6 9. Bb2 Bb7 10. Rc1 Rc8 11. e3 dxc4 12. bxc4 c5 13. Qb3 Qc7 14. Rfe1 Rfd8 15.
Re2 Nf8 16. Rce1 1/2-1/2

[Event "KP 2024/25,J. Jaromer-J. Horice"]
[Site "?"]
[Date "2025.01.19"]
[Round "6.7"]
[White "Rutter, Lidmila"]
[Black "Lustinec, Vladimir"]
[Result "1-0"]
[WhiteElo "1939"]
[BlackElo "1918"]
[PlyCount "167"]
[EventDate "2025.??.??"]
[SourceVersionDate "2025.01.19"]

1. e4 e5 2. Nf3 Nc6 3. d4 exd4 4. Nxd4 Nge7 5. Bc4 d6 6. Bg5 Qd7 7. O-O Qg4 8.
Qxg4 Bxg4 9. Nb5 Rc8 10. Nd2 a6 11. Nc3 Nd4 12. Rac1 b5 13. Bd3 Nec6 14. h3 Bd7
15. f4 Nb4 16. Rfe1 Nxd3 17. cxd3 f6 18. Bh4 Kf7 19. Nf3 Nxf3+ 20. gxf3 c6 21.
d4 Be7 22. a3 h6 23. Kf2 Bd8 24. Ke3 Bb6 25. Kd3 Be6 26. f5 Bd7 27. Bg3 Bc7 28.
f4 Rhd8 29. b4 d5 30. Ke3 Re8 31. Kf3 Bb6 32. Bf2 dxe4+ 33. Nxe4 Bc7 34. Nc5
Bxf5 35. Nxa6 Rxe1 36. Rxe1 Be6 37. Nxc7 Rxc7 38. Be3 g5 39. Kg3 Kg6 40. fxg5
fxg5 41. Bxg5 Bd5 42. Bf4 Ra7 43. Re3 Kf5 44. Bxh6 Rh7 45. Re5+ Kf6 46. Bg5+
Kg6 47. h4 Rf7 48. Bf4 Rf5 49. Kg4 Rxe5 50. dxe5 Be6+ 51. Kg3 Bf7 52. Kf3 Kf5
53. Ke3 Bh5 54. Bg3 Bg6 55. Kd4 Ke6 56. Kc5 Be8 57. Kd4 Bg6 58. Bf4 Bh5 59. Bg5
Bg6 60. Bf6 Bh5 61. Ke4 Be2 62. Kf4 Kf7 63. Kg5 Bd3 64. h5 Be4 65. h6 Bd3 66.
Bg7 Ke6 67. Kf4 Bg6 68. Ke3 Kd5 69. Kd2 Bh7 70. Kc3 Bg8 71. Kb2 Bh7 72. Kb3 Bf5
73. a4 bxa4+ 74. Kxa4 Bg6 75. Ka5 Bh7 76. Kb6 Be4 77. Kc7 Ke6 78. Bf6 Kd5 79.
Kd7 Bf5+ 80. Ke8 Bh7 81. Kf7 Bf5 82. Kg7 c5 83. bxc5 Kxc5 84. h7 1-0

[Event "KP 2024/25,J. Jaromer-J. Horice"]
[Site "?"]
[Date "2025.01.19"]
[Round "6.8"]
[White "Duchon, Vladimir"]
[Black "Kunes, Jan"]
[Result "0-1"]
[WhiteElo "1863"]
[BlackElo "1885"]
[PlyCount "72"]
[EventDate "2025.??.??"]
[SourceVersionDate "2025.01.19"]

1. e4 c5 2. Nf3 d6 3. d4 cxd4 4. Nxd4 Nf6 5. Bd3 e6 6. O-O Be7 7. c4 O-O 8. Be3
Nbd7 9. f3 Ne5 10. Be2 Bd7 11. Nc3 a6 12. f4 Nc6 13. Rf3 Ng4 14. Nxc6 Bxc6 15.
Bd4 e5 16. fxe5 dxe5 17. Rd3 exd4 18. Bxg4 Qb6 19. Nd5 Bxd5 20. exd5 Bg5 21.
Qb3 Qc5 22. Kf1 b5 23. cxb5 axb5 24. Bf3 Rad8 25. Rad1 Be3 26. a4 bxa4 27. Qxa4
Rd6 28. b4 Qc4 29. Qa3 Ra6 30. Qb3 Qb5 31. g3 Ra4 32. Be2 Qd7 33. Kg2 Rfa8 34.
b5 Ra2 35. Re1 R2a5 36. Bf3 Rxb5 0-1

[Event "KP 2024/25,SK Jicin B-SSPM Lipky C"]
[Site "?"]
[Date "19.01.21"]
[Round "6.1"]
[White "Pochinkov, Andrey"]
[Black "Winter, Ondrej"]
[Result "0-1"]
[WhiteElo "2032"]
[BlackElo "2257"]
[PlyCount "108"]
[EventDate "19.??.??"]

1. Nf3 c5 2. e3 g6 3. d4 Bg7 4. Be2 Nf6 5. O-O O-O 6. c4 d6 7. Nc3 Nc6 8. d5
Na5 9. e4 Bg4 10. Nd2 Bxe2 11. Qxe2 Nd7 12. f4 a6 13. Qd3 Qc7 14. Rb1 Rfb8 15.
a4 e6 16. b3 Nf6 17. Bb2 exd5 18. Nxd5 Nxd5 19. Bxg7 Nxf4 20. Rxf4 Kxg7 21.
Rbf1 Rf8 22. Rf6 Rad8 23. Qc3 Kg8 24. R1f3 Nc6 25. Qe3 Ne5 26. R3f4 Qe7 27. Qg3
Nd7 28. R6f5 Kh8 29. Rd5 f6 30. h4 Ne5 31. Nf1 b5 32. axb5 axb5 33. Ne3 bxc4
34. bxc4 Ra8 35. Qf2 Ra1+ 36. Kh2 Ra4 37. Qe2 Ra1 38. Rd1 Rxd1 39. Qxd1 Qe6 40.
Qf1 h5 41. Qe2 Ra8 42. Qf1 Kg7 43. Qb1 Ra3 44. Qc1 Rb3 45. Kg1 Nd3 46. Qc2 Ra3
47. Rf1 Qxe4 48. Nd5 Qd4+ 49. Kh1 Qxh4+ 50. Kg1 Qd4+ 51. Kh1 Ra1 52. Rxa1 Qxa1+
53. Kh2 Qe5+ 54. g3 Qb2 0-1

[Event "KP 2024/25,SK Jicin B-SSPM Lipky C"]
[Site "?"]
[Date "19.01.21"]
[Round "6.2"]
[White "Dedek, Jan"]
[Black "Zakoucka, Adela"]
[Result "1-0"]
[WhiteElo "2103"]
[BlackElo "1923"]
[PlyCount "51"]
[EventDate "19.??.??"]

1. d4 d5 2. c4 c6 3. Nf3 Nf6 4. Nc3 Bg4 5. Ne5 Bh5 6. cxd5 Nxd5 7. Qb3 Nb6 8.
e3 e6 9. g4 Bg6 10. h4 Bd6 11. h5 Bxe5 12. hxg6 Bf6 13. Bd3 h6 14. Bd2 N8d7 15.
Ne4 Be7 16. g5 h5 17. gxf7+ Kxf7 18. g6+ Ke8 19. Qxe6 Nf8 20. Qf7+ Kd7 21. Nc5+
Kc8 22. Bf5+ Kb8 23. Qxg7 Nfd7 24. Nxd7+ Nxd7 25. Bxd7 Rg8 26. Qe5+ 1-0

[Event "KP 2024/25,SK Jicin B-SSPM Lipky C"]
[Site "?"]
[Date "19.01.21"]
[Round "6.3"]
[White "Cernoch, Vit"]
[Black "Novak, Radomir"]
[Result "1/2-1/2"]
[WhiteElo "1942"]
[BlackElo "2067"]
[PlyCount "109"]
[EventDate "19.??.??"]

1. e4 e6 2. d4 d5 3. exd5 exd5 4. c4 Nf6 5. Nc3 Be7 6. cxd5 Nxd5 7. Bc4 Nf6 8.
Nf3 O-O 9. Ne5 Nbd7 10. Be3 Nb6 11. Bb3 Nbd5 12. Qf3 Be6 13. O-O c6 14. Ne4
Nxe4 15. Qxe4 Bd6 16. Bc2 f5 17. Qf3 f4 18. Bd2 Qg5 19. Rfe1 Rae8 20. Be4 Qh4
21. h3 g5 22. Qd3 Bxe5 23. dxe5 Rd8 24. Qf1 h5 25. Rad1 g4 26. Bxd5 Rxd5 27.
Bxf4 gxh3 28. Bg3 Qg5 29. Qc4 hxg2 30. Qh4 Qf5 31. a3 Rf7 32. Rd4 Rxd4 33. Qxd4
Bd5 34. Qh4 Rg7 35. Kh2 Qd3 36. Rg1 b5 37. Qd8+ Kh7 38. Qh4 Qe2 39. Re1 Qg4 40.
Kg1 Qf5 41. Kh2 Rg6 42. Qe7+ Kh6 43. Qh4 Rg4 44. Qh3 Kg6 45. e6 Bxe6 46. Re5
Qxe5 47. Qxg4+ hxg4 48. Bxe5 Kf5 49. Bd4 Ke4 50. Bxa7 Kf3 51. Bd4 Bd5 52. Kg1
Ke4 53. Bh8 Kd3 54. Bc3 Kc2 55. Bh8 1/2-1/2

[Event "KP 2024/25,SK Jicin B-SSPM Lipky C"]
[Site "?"]
[Date "19.01.21"]
[Round "6.4"]
[White "Sprinar, Michal"]
[Black "Sajdl, Jan"]
[Result "1-0"]
[WhiteElo "1982"]
[BlackElo "1893"]
[PlyCount "117"]
[EventDate "19.??.??"]

1. e4 d6 2. d4 Nf6 3. Nc3 g6 4. Bc4 Bg7 5. Nge2 Nc6 6. f3 e5 7. d5 Ne7 8. O-O
O-O 9. Be3 Nd7 10. a4 a5 11. Qd2 f5 12. Bg5 Rf7 13. h4 f4 14. h5 Nf6 15. hxg6
Nxg6 16. Kf2 Ng4+ 17. fxg4 Qxg5 18. Rh1 Bxg4 19. Rh2 h5 20. Rah1 Bh6 21. Ke1
Raf8 22. Ng1 Qe7 23. Nf3 Rh7 24. Qf2 Bg5 25. Ne2 Kg7 26. Neg1 Rfh8 27. Nxg5
Qxg5 28. Nf3 Bxf3 29. gxf3 Qg3 30. Bf1 h4 31. Bh3 Kf6 32. Rg1 Ne7 33. Bg4 Qxf2+
34. Kxf2 Rh6 35. Ke2 c6 36. dxc6 bxc6 37. Kd3 d5 38. Rd1 Rd8 39. Kc3 Rb8 40. b3
Rb4 41. exd5 cxd5 42. Kb2 Rb8 43. c3 Rh7 44. Ka3 Rd8 45. b4 axb4+ 46. cxb4 d4
47. b5 Nd5 48. Rc1 Nc3 49. Kb4 Ra8 50. a5 Rc7 51. Rcc2 Ke7 52. b6 Rb8 53. Rxh4
Nd5+ 54. Kb3 Rxc2 55. Kxc2 Kd6 56. Rh6+ Kc5 57. Kd3 Ne3 58. a6 e4+ 59. fxe4 1-0

[Event "KP 2024/25,SK Jicin B-SSPM Lipky C"]
[Site "?"]
[Date "19.01.21"]
[Round "6.5"]
[White "Rydl, Jan"]
[Black "Nosek, Jan"]
[Result "1/2-1/2"]
[WhiteElo "1828"]
[BlackElo "1919"]
[PlyCount "92"]
[EventDate "19.??.??"]

1. d4 Nf6 2. Nc3 c5 3. d5 e5 4. e4 d6 5. Bg5 Be7 6. Qd2 h6 7. Be3 Ng4 8. Nf3 a6
9. a4 Qa5 10. Nd1 Qxd2+ 11. Bxd2 f5 12. Nc3 Nf6 13. Be3 Nxe4 14. Nxe4 fxe4 15.
Nd2 Bf5 16. g3 Nd7 17. Bg2 Nf6 18. O-O Nxd5 19. Nxe4 Nxe3 20. fxe3 Be6 21. Rad1
O-O-O 22. Nc3 Bg5 23. Rfe1 Rd7 24. Nd5 Bd8 25. Rf1 Rf7 26. Rxf7 Bxf7 27. Rf1
Be6 28. Kf2 Rf8+ 29. Ke2 Bg4+ 30. Kd3 Rxf1 31. Bxf1 g5 32. Bg2 b5 33. axb5 axb5
34. b3 Kd7 35. Nc3 b4 36. Nd5 h5 37. e4 Be6 38. h3 g4 39. h4 Bxd5 40. exd5 Ke7
41. Ke2 Bb6 42. Kf1 Kf7 43. Be4 Kf6 44. Kg2 c4 45. bxc4 Be3 46. Kf1 Bc5 1/2-1/2

[Event "KP 2024/25,SK Jicin B-SSPM Lipky C"]
[Site "?"]
[Date "19.01.21"]
[Round "6.6"]
[White "Tichy, Miroslav"]
[Black "Kordik, Jan"]
[Result "1/2-1/2"]
[WhiteElo "1989"]
[BlackElo "1703"]
[PlyCount "60"]
[EventDate "19.??.??"]

1. e4 e6 2. d4 d5 3. e5 c5 4. c3 Nc6 5. Nf3 Qb6 6. Be2 cxd4 7. cxd4 Nge7 8. Na3
Nf5 9. Nc2 Bb4+ 10. Kf1 Bd7 11. g4 Nh6 12. h3 Rc8 13. Rb1 Ng8 14. Kg2 Be7 15.
Bd3 Nb4 16. Nxb4 Qxb4 17. Qe2 a6 18. Bd2 Qb6 19. Be3 Bc6 20. Rhc1 Kd7 21. Rc3
Bb4 22. Rcc1 Bb5 23. Bxb5+ Qxb5 24. Qxb5+ axb5 25. Rxc8 Kxc8 26. Rc1+ Kd7 27.
Bd2 Bxd2 28. Nxd2 b6 29. Kf3 Ne7 30. a3 Rc8 1/2-1/2

[Event "KP 2024/25,SK Jicin B-SSPM Lipky C"]
[Site "?"]
[Date "19.01.21"]
[Round "6.7"]
[White "Jakubec, Vit"]
[Black "Marek, Petr"]
[Result "0-1"]
[WhiteElo "1456"]
[BlackElo "1873"]
[PlyCount "74"]
[EventDate "19.??.??"]

1. d4 Nf6 2. Nc3 g6 3. Bf4 Bg7 4. e4 d6 5. Nf3 O-O 6. Be2 c5 7. dxc5 dxc5 8.
O-O Nc6 9. Qxd8 Rxd8 10. Rad1 Bd7 11. Bd3 e6 12. Rfe1 Nb4 13. Ne5 Be8 14. a3
Nxd3 15. Rxd3 Nh5 16. g3 Nxf4 17. gxf4 f6 18. Ng4 Bc6 19. Kg2 Rxd3 20. cxd3 Rd8
21. Rd1 f5 22. Ne5 Bxe5 23. fxe5 fxe4 24. dxe4 Bxe4+ 25. f3 Rxd1 26. Nxd1 Bc6
27. Ne3 b5 28. Kf2 a5 29. f4 b4 30. axb4 cxb4 31. Nc4 a4 32. Ke3 Bd5 33. Kd4
Kg7 34. Kc5 Bxc4 35. Kxc4 a3 36. bxa3 bxa3 37. Kb3 g5 0-1

[Event "KP 2024/25,SK Jicin B-SSPM Lipky C"]
[Site "?"]
[Date "19.01.21"]
[Round "6.8"]
[White "Strelecek, Marek"]
[Black "Le Polotec, Elias"]
[Result "1/2-1/2"]
[WhiteElo "1801"]
[BlackElo "1435"]
[PlyCount "46"]
[EventDate "19.??.??"]

1. d4 d5 2. c4 e6 3. Nc3 Nf6 4. Bg5 Be7 5. e3 O-O 6. Nf3 c6 7. Bd3 dxc4 8. Bxc4
b5 9. Bd3 b4 10. Bxf6 Bxf6 11. Ne4 Be7 12. O-O Nd7 13. Rc1 Bb7 14. Nc5 Nxc5 15.
dxc5 Qc7 16. Qc2 h6 17. Qc4 a5 18. Qe4 g6 19. h4 Bc8 20. g3 Bf6 21. b3 Bg7 22.
Nd4 Ba6 23. Bxa6 Rxa6 1/2-1/2

[Event "KP 2024/25,Lazne Belohrad-Panda RK B"]
[Site "?"]
[Date "2025.02.02"]
[Round "7.1"]
[White "Korinek, Pavel"]
[Black "Zelba, Lukas"]
[Result "0-1"]
[WhiteElo "2011"]
[BlackElo "2083"]
[Annotator "user"]
[PlyCount "66"]
[EventDate "2025.??.??"]
[TimeControl "40/5400+30:900+30"]

{587MB} 1. e4 c6 2. d4 d5 3. Nd2 dxe4 4. Nxe4 Nf6 5. Nxf6+ exf6 6. Bc4 b5 7.
Be2 Bd6 8. Bf3 O-O 9. Ne2 Re8 10. O-O Bf5 11. Ng3 Bg6 12. a4 b4 13. c4 bxc3 14.
bxc3 Qd7 15. Qb3 a5 16. Bd2 f5 17. Rfe1 Rc8 18. Rad1 Qc7 19. Nf1 Nd7 20. h3 f4
21. Be4 Bxe4 22. Rxe4 Nf6 23. Ree1 f3 24. g3 Qd7 25. c4 Qf5 26. Kh2 Qh5 27. Qd3
Rab8 28. Rb1 h6 29. Bc3 Re8 30. Rxb8 Rxb8 31. Nd2 Ng4+ 32. Kg1 Bxg3 33. Ne4
Qxh3 0-1

[Event "KP 2024/25,Lazne Belohrad-Panda RK B"]
[Site "?"]
[Date "2025.02.02"]
[Round "7.2"]
[White "Kroulik, Vaclav"]
[Black "Dupenopulos, Karel"]
[Result "1-0"]
[WhiteElo "1993"]
[BlackElo "1878"]
[Annotator "user"]
[PlyCount "73"]
[EventDate "2025.??.??"]
[TimeControl "40/5400+30:900+30"]

{587MB} 1. e4 c6 2. Nc3 d5 3. Nf3 dxe4 4. Nxe4 Bf5 5. Ng3 Bg6 6. h4 h6 7. Ne5
Qd6 8. d4 Nd7 9. Nxg6 Qxg6 10. Bd3 Qf6 11. Be3 e6 12. Qe2 Bd6 13. Nh5 Qe7 14.
Nxg7+ Kd8 15. Nh5 Ngf6 16. Nxf6 Nxf6 17. c4 Bb4+ 18. Bd2 Qd6 19. O-O-O Bxd2+
20. Rxd2 Kc7 21. Bc2 Rad8 22. Rhd1 Kc8 23. Qf3 Qe7 24. g3 Rd7 25. Qc3 Rg8 26.
d5 Rd6 27. dxe6 Rxd2 28. Qxd2 fxe6 29. Qxh6 Ng4 30. Qf4 Qf6 31. Qxf6 Nxf6 32.
Rd6 Ng4 33. Rxe6 Nxf2 34. Bf5 Kc7 35. Rg6 Re8 36. g4 Re1+ 37. Kd2 1-0

[Event "KP KHSS LB-RK"]
[Site "?"]
[Date "2025.02.02"]
[Round "7.3"]
[White "Marhold, Vojtech"]
[Black "Pavlicek, Miroslav"]
[Result "1/2-1/2"]
[WhiteElo "1828"]
[BlackElo "1974"]
[Annotator "user"]
[PlyCount "37"]
[EventDate "2025.??.??"]
[TimeControl "40/5400+30:900+30"]

{587MB} 1. e4 d5 2. exd5 Qxd5 3. Nc3 Qa5 4. Nf3 Bg4 5. Be2 Nf6 6. O-O e6 7. h3
Bxf3 8. Bxf3 c6 9. d4 Bd6 10. Re1 O-O 11. Ne4 Nxe4 12. Bxe4 Nd7 13. c3 Nf6 14.
Bc2 Rad8 15. Qf3 Bb8 16. Bf4 Bxf4 17. Qxf4 c5 18. dxc5 Qxc5 19. Rad1 1/2-1/2

[Event "KP 2024/25,Lazne Belohrad-Panda RK B"]
[Site "?"]
[Date "2025.02.02"]
[Round "7.4"]
[White "Novotny, Josef"]
[Black "Buchar, Petr"]
[Result "0-1"]
[WhiteElo "1939"]
[BlackElo "1929"]
[Annotator "user"]
[PlyCount "64"]
[EventDate "2025.??.??"]
[TimeControl "40/5400+30:900+30"]

{587MB} 1. e3 f5 2. d3 Nf6 3. Nf3 e6 4. b3 d5 5. Bb2 Bd6 6. Nbd2 O-O 7. Be2
Nbd7 8. d4 Ne4 9. Bd3 Ndf6 10. Qe2 Nxd2 11. Nxd2 Ne4 12. Bxe4 fxe4 13. O-O-O
Qe7 14. f3 exf3 15. Nxf3 a5 16. c3 Bd7 17. c4 c6 18. Rhe1 Be8 19. c5 Bc7 20.
Rd3 Bg6 21. Rc3 e5 22. h3 Rae8 23. Nxe5 Bxe5 24. dxe5 Qxe5 25. Kd2 Rf7 26. Ba1
Ref8 27. Qg4 Rf2+ 28. Kc1 Qe4 29. Qxe4 Bxe4 30. Kd1 Rxa2 31. Rc1 Rff2 32. Bc3
Bxg2 0-1

[Event "KP 2024/25,Lazne Belohrad-Panda RK B"]
[Site "?"]
[Date "2025.02.02"]
[Round "7.5"]
[White "Groh, Ladislav"]
[Black "Daniel, Jiri"]
[Result "0-1"]
[WhiteElo "1819"]
[BlackElo "1944"]
[Annotator "user"]
[PlyCount "78"]
[EventDate "2025.??.??"]
[TimeControl "40/5400+30:900+30"]

{587MB} 1. Nf3 Nf6 2. e3 b6 3. d4 Bb7 4. c4 e6 5. Bd3 d6 6. Nbd2 Nbd7 7. O-O g5
8. Nxg5 h6 9. Ngf3 Rg8 10. e4 Nh5 11. Nb3 Qf6 12. Re1 O-O-O 13. Qc2 Qxf3 14. g3
Nf4 15. Bxf4 Qxf4 16. Bf1 Nf6 17. Bg2 Qg5 18. Rac1 Nd7 19. a4 a5 20. Nd2 c5 21.
Nf3 Qe7 22. d5 e5 23. Nh4 Kc7 24. Nf5 Qf6 25. Qe2 Nb8 26. Rc3 Bc8 27. Ne3 Na6
28. b3 Qg5 29. Nf1 Nb4 30. Ra1 Bg7 31. h3 f5 32. f3 fxe4 33. fxe4 Rdf8 34. Rf3
Rxf3 35. Qxf3 Rf8 36. Qe2 h5 37. Kh2 Bd7 38. Kg1 Be8 39. Kh2 h4 0-1

[Event "KP 2024/25,Lazne Belohrad-Panda RK B"]
[Site "?"]
[Date "2025.02.02"]
[Round "7.6"]
[White "Dvorak, Milan"]
[Black "Kykal, Zbynek"]
[Result "1-0"]
[WhiteElo "1871"]
[BlackElo "1821"]
[Annotator "user"]
[PlyCount "59"]
[EventDate "2025.??.??"]
[TimeControl "40/5400+30:900+30"]

{587MB} 1. e4 c6 2. d4 d5 3. e5 Bf5 4. Ne2 e6 5. Ng3 Bg6 6. h4 h6 7. h5 Bh7 8.
Bd3 Bxd3 9. cxd3 Qb6 10. Be3 Qxb2 11. Nd2 Bb4 12. O-O Bxd2 13. Rb1 Qa3 14. Bxd2
Qxd3 15. Qg4 Rh7 16. Bb4 b5 17. Rfd1 Qc4 18. Nf5 Kd7 19. Nd6 Qxa2 20. Nxf7 Qc2
21. Nd6 g5 22. Qf3 Na6 23. Be1 Nc7 24. Rdc1 Qa4 25. Qd3 Rg7 26. Ra1 Qxa1 27.
Rxa1 Ne7 28. Bb4 Nc8 29. Nxc8 Kxc8 30. Qc2 1-0

[Event "KP 2024/25,Lazne Belohrad-Panda RK B"]
[Site "?"]
[Date "2025.02.02"]
[Round "7.7"]
[White "Jezek, Milan"]
[Black "Cermak, Miroslav"]
[Result "0-1"]
[WhiteElo "1815"]
[BlackElo "1886"]
[Annotator "user"]
[PlyCount "94"]
[EventDate "2025.??.??"]
[TimeControl "40/5400+30:900+30"]

{587MB} 1. c4 b6 2. Nc3 e6 3. d3 Bb7 4. e4 Be7 5. g3 d6 6. Bg2 Nd7 7. Nge2 a6
8. O-O g5 9. f4 g4 10. f5 e5 11. Be3 Bg5 12. Qd2 Bxe3+ 13. Qxe3 h5 14. d4 f6
15. b3 Nh6 16. Rae1 Qe7 17. Nd5 Bxd5 18. cxd5 Nf7 19. Rc1 Rc8 20. b4 Ng5 21.
Rc2 h4 22. Rfc1 Kd8 23. gxh4 Rxh4 24. Qg3 Qh7 25. Rc3 Qh5 26. a3 Ke7 27. dxe5
fxe5 28. Rxc7 Rxc7 29. Rxc7 Kd8 30. Qc3 Rxh2 31. Qc6 Rxg2+ 32. Kxg2 Qh3+ 33.
Kg1 Qe3+ 34. Kf1 Qh3+ 35. Ke1 Qh1+ 36. Kd2 Nxe4+ 37. Kc2 Nef6 38. Rc8+ Ke7 39.
Nc3 g3 40. Qc7 Qh3 41. Rd8 Qxf5+ 42. Kb3 g2 43. Rc8 g1=Q 44. Qd8+ Kf7 45. Rc6
Qg2 46. Qc7 Qgc2+ 47. Kc4 b5# 0-1

[Event "KP 2024/25,Lazne Belohrad-Panda RK B"]
[Site "?"]
[Date "2025.02.02"]
[Round "7.8"]
[White "Kroulik, Stepan"]
[Black "Pochop, Karel ml."]
[Result "0-1"]
[WhiteElo "1703"]
[BlackElo "1816"]
[Annotator "user"]
[PlyCount "78"]
[EventDate "2025.??.??"]
[TimeControl "40/5400+30:900+30"]

{587MB} 1. e4 d6 2. Nf3 e5 3. d4 Bg4 4. dxe5 Bxf3 5. Qxf3 dxe5 6. Bc4 Nf6 7.
Qb3 Qe7 8. O-O c6 9. Rd1 b6 10. Bg5 Nbd7 11. Nc3 Nc5 12. Qa3 h6 13. Bxf6 Qxf6
14. b4 Ne6 15. Bxe6 Qxe6 16. Qa4 Qc4 17. Rd3 b5 18. Qa6 Bxb4 19. Ne2 O-O 20.
Ng3 Qxc2 21. Rad1 Be1 22. f3 Bf2+ 23. Kh1 Bb6 24. Qa3 Rad8 25. Rxd8 Rxd8 26.
Rxd8+ Bxd8 27. Qxa7 Qb1+ 28. Qg1 Qxa2 29. Qd1 Bb6 30. Ne2 Bd4 31. h3 Qa1 32.
Qxa1 Bxa1 33. Nc1 Bd4 34. g3 b4 35. Kg2 c5 36. Kf1 c4 37. Ke2 b3 38. Kd2 b2 39.
Kc2 bxc1=Q+ 0-1

[Event "KP 2024/25,TJ Nachod B-J. Jaromer"]
[Site "?"]
[Date "2025.02.02"]
[Round "7.1"]
[White "Cerha, Michal"]
[Black "Hubka, Lubos"]
[Result "1/2-1/2"]
[WhiteElo "1946"]
[BlackElo "1999"]
[PlyCount "30"]
[EventDate "3.??.??"]

1. d4 Nf6 2. Bf4 e6 3. Nf3 b6 4. e3 Bb7 5. Bd3 d5 6. Nbd2 Nbd7 7. c3 Be7 8. Ne5
O-O 9. Qc2 c5 10. O-O h6 11. h3 Rc8 12. a4 a6 13. Bh2 Nxe5 14. Bxe5 Nd7 15. Bh2
f5 1/2-1/2

[Event "KP 2024/25,TJ Nachod B-J. Jaromer"]
[Site "?"]
[Date "2025.02.02"]
[Round "7.2"]
[White "Prouza, Pavel"]
[Black "Mojzis, Jan"]
[Result "1/2-1/2"]
[WhiteElo "1965"]
[BlackElo "2050"]
[PlyCount "44"]
[EventDate "3.??.??"]

1. d4 d5 2. Nf3 e6 3. c4 c5 4. cxd5 exd5 5. Nc3 Nc6 6. g3 Nf6 7. Bg2 Be7 8. O-O
O-O 9. dxc5 Bxc5 10. Na4 Be7 11. a3 Ne4 12. Be3 Re8 13. Rc1 Bf6 14. Bd4 Be6 15.
Nc5 Nxd4 16. Nxd4 Nxc5 17. Rxc5 Qb6 18. b4 a5 19. Nxe6 fxe6 20. Rxa5 Rxa5 21.
bxa5 Qxa5 22. Qb3 b5 1/2-1/2

[Event "KP 2024/25,TJ Nachod B-J. Jaromer"]
[Site "?"]
[Date "2025.02.02"]
[Round "7.3"]
[White "Jirman, Jonas"]
[Black "Prouza, Tomas"]
[Result "1-0"]
[WhiteElo "1758"]
[BlackElo "1940"]
[PlyCount "79"]
[EventDate "3.??.??"]

1. e4 d5 2. exd5 Nf6 3. d4 Nxd5 4. Nf3 g6 5. Be2 Bg7 6. O-O O-O 7. h3 c6 8. Re1
Nd7 9. c3 Qc7 10. Na3 e5 11. dxe5 Nxe5 12. Nc4 Nxc4 13. Bxc4 Nb6 14. Bb3 Bf5
15. Qe2 a5 16. a4 c5 17. Be3 Rfc8 18. Ng5 Rf8 19. Qb5 Rac8 20. Qxa5 h6 21. Nf3
Rfd8 22. Rad1 Bd7 23. Rd2 Bf8 24. Bf4 Qxf4 25. Qxb6 c4 26. Bc2 Bc5 27. Qxb7 Rc7
28. Qe4 Qf6 29. Qe5 Qb6 30. Red1 Rcc8 31. Rxd7 Bxf2+ 32. Kh1 Re8 33. Qd5 Qf6
34. Rd6 Qf4 35. Rxg6+ Kf8 36. Qd6+ Qxd6 37. Rgxd6 Re2 38. Rd8+ Rxd8 39. Rxd8+
Ke7 40. Rd2 1-0

[Event "KP 2024/25,TJ Nachod B-J. Jaromer"]
[Site "?"]
[Date "2025.02.02"]
[Round "7.4"]
[White "Banic, Marek"]
[Black "Pultar, Petr"]
[Result "1/2-1/2"]
[WhiteElo "1962"]
[BlackElo "1890"]
[PlyCount "83"]
[EventDate "3.??.??"]

1. e4 d5 2. exd5 Qxd5 3. Nc3 Qa5 4. d4 c6 5. Bd2 Qc7 6. Bc4 Nf6 7. Nf3 Bg4 8.
h3 Bh5 9. g4 Bg6 10. Ne5 e6 11. Bf4 Bd6 12. Qe2 Nd5 13. Bxd5 cxd5 14. O-O-O O-O
15. Nb5 Bxe5 16. Bxe5 Qc6 17. h4 Rc8 18. Rd2 h6 19. Rh3 Na6 20. h5 Be4 21. a3
f6 22. Bf4 Rd8 23. Rc3 Qb6 24. f3 Bh7 25. Nc7 Rac8 26. Rb3 Qc6 27. Rc3 Qb6 28.
Qxe6+ Qxe6 29. Nxe6 Rxc3 30. bxc3 Rc8 31. Kb2 Kf7 32. Nc5 Nxc5 33. dxc5 Rxc5
34. Re2 Rb5+ 35. Kc1 Rb6 36. Bb8 a6 37. Ba7 Re6 38. Rd2 Re1+ 39. Kb2 Ke6 40.
Bb6 f5 41. Bf2 Rf1 42. Re2+ 1/2-1/2

[Event "KP 2024/25,TJ Nachod B-J. Jaromer"]
[Site "?"]
[Date "2025.02.02"]
[Round "7.5"]
[White "Hepnar, David"]
[Black "Wenke, Oldrich"]
[Result "1/2-1/2"]
[WhiteElo "1814"]
[BlackElo "1982"]
[PlyCount "58"]
[EventDate "3.??.??"]

1. e4 e6 2. c4 b6 3. Nc3 Bb7 4. d4 Bb4 5. Bd3 f5 6. Qe2 Nf6 7. Bg5 h6 8. Bxf6
Qxf6 9. Nf3 O-O 10. O-O c5 11. Nb5 fxe4 12. Bxe4 d5 13. cxd5 exd5 14. Bc2 Nd7
15. Ne5 Rae8 16. f4 c4 17. Qg4 Nxe5 18. fxe5 Qg5 19. Qd7 Qe3+ 20. Kh1 Qe2 21.
Rxf8+ Rxf8 22. Bf5 Bc8 23. Qxd5+ Kh8 24. g4 g6 25. Qc6 Bxf5 26. gxf5 Rxf5 27.
Qxg6 Rf1+ 28. Rxf1 Qxf1+ 29. Qg1 Qf3+ 1/2-1/2

[Event "KP 2024/25,TJ Nachod B-J. Jaromer"]
[Site "?"]
[Date "2025.02.02"]
[Round "7.6"]
[White "Zeman, Vojtech"]
[Black "Novotny, Jan"]
[Result "1-0"]
[WhiteElo "1715"]
[BlackElo "1921"]
[PlyCount "59"]
[EventDate "3.??.??"]

1. d4 Nf6 2. c4 e6 3. Nf3 d5 4. g3 Be7 5. Bg2 O-O 6. O-O Nbd7 7. Qc2 b6 8. cxd5
Nxd5 9. Rd1 Bb7 10. a3 Qc8 11. e4 N5f6 12. Nc3 c5 13. d5 exd5 14. exd5 Ne8 15.
Ng5 Ndf6 16. Nce4 Bd6 17. Nxd6 Nxd6 18. Bf4 Qf5 19. Rac1 Rad8 20. Bxd6 Qxc2 21.
Rxc2 Rxd6 22. Ne4 Nxe4 23. Bxe4 Re8 24. Bg2 a5 25. f4 Kf8 26. Kf2 g6 27. Re2
Rxe2+ 28. Kxe2 Ke7 29. Ke3 Rd8 30. d6+ 1-0